| 000 | 00979nam a2200241 a 4500 | ||
|---|---|---|---|
| 003 | BLK | ||
| 005 | 20250528130245.0 | ||
| 008 | 210730b bu |||||r|||| 00| | bu d | ||
| 020 | _a9786192300609 | ||
| 040 | _aBLK | ||
| 041 |
_aBUL _cBUL |
||
| 080 |
_aБългарска литература _b821.163.2 _x-1 _z821.163.2-1 |
||
| 100 |
_91299 _aБаръмова, Виктория Константинова _eпърви автор |
||
| 139 |
_aБаръмова, Виктория Константинова _bБ 27 |
||
| 245 |
_aИз речника на вятъра : сърдечен юг _cВиктория Баръмова |
||
| 260 |
_9220362 _aСофия _bФабрика за книги _c2018 _dимпринт на БГкнига _fСофия : Дайрект сървисиз _n978-619-230- ; 978-619-7198- |
||
| 300 |
_a72 с. _bс ил. _c20 см |
||
| 380 | _aX | ||
| 852 | _aЦб 308665 | ||
| 942 |
_cKNG _n0 _s1 |
||
| 944 |
_aCR _c2021-07-30 _k30545 _lНора Радева |
||
| 999 |
_c426206 _d426206 |
||
| 999 | _d426206 | ||